ਗੁਰਬ਼ਖਸ਼ ਸਿੰਘ ਪ੍ਰੀਤਲੜੀ ਦੀਆਂ ਚੋਣਵੀਆਂ ਕਹਾਣੀਆਂ / (Record no. 110232)

MARC details
000 -LEADER
fixed length control field 01235nam a22002657a 4500
005 - DATE AND TIME OF LATEST TRANSACTION
control field 20170123164149.0
010 ## - LIBRARY OF CONGRESS CONTROL NUMBER
LC control number A-878507
020 ## - INTERNATIONAL STANDARD BOOK NUMBER
Terms of availability 250.00
International Standard Book Number 8173803072
035 ## - SYSTEM CONTROL NUMBER
System control number A-878507
037 ## - SOURCE OF ACQUISITION
Source of stock number/acquisition Cen Lib/Ret
040 ## - CATALOGING SOURCE
Original cataloging agency DPL
Language of cataloging PN
082 ## - DEWEY DECIMAL CLASSIFICATION NUMBER
Classification number
Item number ਗੁਰਬ
100 ## - MAIN ENTRY--PERSONAL NAME
Personal name ਗੁਰਬ਼ਖਸ਼ ਸਿੰਘ
9 (RLIN) 138095
245 ## - TITLE STATEMENT
Title ਗੁਰਬ਼ਖਸ਼ ਸਿੰਘ ਪ੍ਰੀਤਲੜੀ ਦੀਆਂ ਚੋਣਵੀਆਂ ਕਹਾਣੀਆਂ /
Statement of responsibility, etc ਗੁਰਬ਼ਖਸ਼ ਸਿੰਘ : ਸੰਪਾਦਕ ਗੁਰਚਰਨ ਸਿੰਘ ਅਰਸ਼ੀ
246 ## - VARYING FORM OF TITLE
Title proper/short title Gurbakhsh Singh Pritlari chonvian kahanian /
Remainder of title by Gurbakhsh Singh Pritlari; edited by Gurcharan Singh Arshi
260 ## - PUBLICATION, DISTRIBUTION, ETC. (IMPRINT)
Place of publication, distribution, etc ਪਟਿਆਲਾ
Name of publisher, distributor, etc ਪਬਲੀਕੇਸ਼ਨ ਬਿਊਰੋ
Date of publication, distribution, etc 1997
270 ## - ADDRESS
Address ਪੰਜਾਬੀ ਯੂਨੀਵਰਸਿਟੀ
City ਪਟਿਆਲਾ
300 ## - PHYSICAL DESCRIPTION
Extent 510p.
Dimensions 22cm(Hb)
650 ## - SUBJECT ADDED ENTRY--TOPICAL TERM
Topical term or geographic name as entry element ਸਾਹਿਤ--ਪੰਜਾਬੀ
9 (RLIN) 138096
650 ## - SUBJECT ADDED ENTRY--TOPICAL TERM
Topical term or geographic name as entry element ਪੰਜਾਬੀ -- ਕਹਾਣੀਆਂ
9 (RLIN) 138097
650 ## - SUBJECT ADDED ENTRY--TOPICAL TERM
Topical term or geographic name as entry element Literature--Punjabi
9 (RLIN) 138098
650 ## - SUBJECT ADDED ENTRY--TOPICAL TERM
Topical term or geographic name as entry element Punjabi -- Story
9 (RLIN) 138099
700 ## - ADDED ENTRY--PERSONAL NAME
Personal name ਅਰਸ਼ੀ, ਗੁਰਬ਼ਖਸ਼ ਸਿੰਘ
9 (RLIN) 51841
942 ## - ADDED ENTRY ELEMENTS (KOHA)
Source of classification or shelving scheme Dewey Decimal Classification
Koha item type Punjabi Bks
Classification part
Call number suffix ਗੁਰਬ
Holdings
Withdrawn status Lost status Damaged status Not for loan Home library Current library Date acquired Source of acquisition Cost, normal purchase price Total Checkouts Full call number Barcode Date last seen Copy number Cost, replacement price Price effective from Koha item type
        Central Library Central Library 16/01/2016 Cen Lib/Ret 250.00   ਕ ਗੁਰਬ A-878507 16/01/2016 1 250.00 15/09/2016 Punjabi Bks

© Delhi Public Library
Hit Counter
free hit counter